000 00776nam a2200253 a 4500
001 000025307
005 20200930023710.0
008 110214s1968 sp r 000 0 spa d
020 _a9686011889
040 _aDO-SdBNP
_bspa
_cBNPHU
041 1 7 _aspa
_hfre
_2Código de idiomas MARC
082 _ann*
_bnn*
100 1 _aBirot, Pierre.
_951836
240 1 3 _aLe Portugal.
_lEspañol
245 1 0 _aPanoramas de la geografía universal /
_cPierre Birot.
260 _aBilbao :
_bMoretón,
_c1968.
300 _a188 p. :
_bil. ;
_c17 cm.
490 1 _aBiblioteca de Divulgación Cultural
490 1 _aPortugal.
_v15
534 _a[Tïtulo original] :
_tLe Portugal
830 0 _aBiblioteca de Divulgación Cultural
_951837
830 0 _aPortugal
_v15
_951838
049 _aBNGR
999 _c24800
_d24800